Normal view
MARC view
- Computer security
Entry Topical Term
001 - CONTROL NUMBER
- control field: 95207
003 - CONTROL NUMBER IDENTIFIER
- control field: NUST
005 - DATE AND TIME OF LATEST TRANSACTION
- control field: 20220726130828.0
008 - FIXED-LENGTH DATA ELEMENTS
- fixed length control field: 220726|| aca||aabn | a|a d
040 ## - CATALOGING SOURCE
- Original cataloging agency: NUST
- Transcribing agency: NUST
150 ## - HEADING--TOPICAL TERM
- Topical term or geographic name entry element: Computer security
- General subdivision: Examinations
670 ## - SOURCE DATA FOUND
- Source citation: Work cat.: (NUST)215438: Official (ISC)2 Guide to the CISSP CBK /
